000 00615nam a2200157 4500
999 _c7040
_d7040
008 170717b xxu||||| |||| 00| 0 eng d
022 _a16565541
082 _aDPer 641.05 F73 Dec 2012-Nov 2013 v. 9-10, n. 6-5
245 _a8 essential transitions: that define modern baking.
246 _aEight essential transitions:
_bthat define modern baking.
260 _aMakati City, Philippines:
_bHinge Inquirer Publications, Inc.,
_c©2012-2013.
300 _av10 n1, pages 58-59:
_billustrations;
_c28 cm.
500 _aFood and beverages: make a living with food.
650 0 _921306
_aBaking
942 _2ddc
_cPER